<?xml version="1.0" encoding="UTF-8"?>
<collection xmlns="http://www.loc.gov/MARC21/slim">
 <record>
  <leader>01193nam a2200241 a 4500</leader>
  <controlfield tag="001">1/40625</controlfield>
  <controlfield tag="008">101110s2009    gr       bm   000 0 gre d</controlfield>
  <datafield tag="035" ind1=" " ind2=" ">
   <subfield code="l">43390</subfield>
  </datafield>
  <datafield tag="040" ind1=" " ind2=" ">
   <subfield code="a">GR-PeUP</subfield>
  </datafield>
  <datafield tag="082" ind1="0" ind2="0">
   <subfield code="a">387.544 ΠΑΠ</subfield>
  </datafield>
  <datafield tag="100" ind1="1" ind2=" ">
   <subfield code="a">Παπαδάκης, Αριστείδης.</subfield>
  </datafield>
  <datafield tag="245" ind1="1" ind2="3">
   <subfield code="a">Οι διαδικασίες της ναύλωσης και ο κλάδος των ναυλομεσιτών /</subfield>
   <subfield code="c">Παπαδάκης Αριστείδης.</subfield>
  </datafield>
  <datafield tag="260" ind1=" " ind2=" ">
   <subfield code="a">Πειραιάς :</subfield>
   <subfield code="b">[χ.ό.],</subfield>
   <subfield code="c">2009.</subfield>
  </datafield>
  <datafield tag="300" ind1=" " ind2=" ">
   <subfield code="a">60 σ. :</subfield>
   <subfield code="b">εικ. ;</subfield>
   <subfield code="c">30 εκ. +</subfield>
   <subfield code="e">1 οπτικό δίσκο Η/Υ.</subfield>
  </datafield>
  <datafield tag="502" ind1=" " ind2=" ">
   <subfield code="a">Διατριβή (Δ.Ε.)--Πανεπιστήμιο Πειραιώς, 2009.</subfield>
  </datafield>
  <datafield tag="504" ind1=" " ind2=" ">
   <subfield code="a">Περιέχει βιβλιογραφία.</subfield>
  </datafield>
  <datafield tag="650" ind1=" " ind2="4">
   <subfield code="a">Διατριβές.</subfield>
  </datafield>
  <datafield tag="650" ind1=" " ind2="4">
   <subfield code="a">Ναύλωση και ναύλος.</subfield>
  </datafield>
  <datafield tag="650" ind1=" " ind2="4">
   <subfield code="a">Ναυλοσύμφωνα.</subfield>
  </datafield>
  <datafield tag="650" ind1=" " ind2="4">
   <subfield code="a">Ναυτικό δίκαιο.</subfield>
  </datafield>
  <datafield tag="710" ind1="2" ind2=" ">
   <subfield code="a">Πανεπιστήμιο Πειραιώς. Τμήμα Ναυτιλιακών Σπουδών.</subfield>
  </datafield>
  <datafield tag="852" ind1=" " ind2=" ">
   <subfield code="a">INST</subfield>
   <subfield code="b">UNIPILB</subfield>
   <subfield code="c">DISS</subfield>
   <subfield code="e">20101110</subfield>
   <subfield code="h">387.544 ΠΑΠ</subfield>
   <subfield code="p">00158515</subfield>
   <subfield code="q">00158515</subfield>
   <subfield code="t">NOLOAN</subfield>
   <subfield code="y">23</subfield>
   <subfield code="4">1</subfield>
  </datafield>
  <datafield tag="856" ind1="4" ind2="1">
   <subfield code="u">http://digilib.lib.unipi.gr/dspace/handle/unipi/3673</subfield>
  </datafield>
 </record>
</collection>
